Greatest Showman Soundtrack - Sudden Death - Statistics

General Stats
  • This quiz has been taken 75 times
  • The average score is 8 of 9
Answers on the Grid
Answers color-coded by a green-red scale on the quiz's grid according to % correct below.
The Flying Trapeze
Tightrope
Born to Perform
Rewrite the Stars
Look at Me Now
Chasing Our Dreams
Never Enough
Can't Burn us Down
Dust Settles
A Million Dreams
Electrify
Pimped up People
This is Me
Alone
Come Alive
From Now On
From The Beginning
The Other Side
Set Yourself Free
The Greatest Show
 
Answer Stats
Answer % Correct
Rewrite the Stars
100%
A Million Dreams
95%
The Greatest Show
95%
Never Enough
91%
This is Me
91%
From Now On
86%
Come Alive
85%
The Other Side
85%
Tightrope
79%
No matching quizzes found
Score Distribution
Percent of People with Each Score
Percentile by Number Answered
Your Score History
You have not taken this quiz